Statistics for U.S. States that Visit Canada the Most

Click here to take the quiz!

General Stats

  • This quiz has been taken 293 times
  • The average score is 9 of 10

Answer Stats

VisitsState% Correct
1,847,000New York
98%
1,169,000California
94%
1,659,000Washington
94%
1,085,000Michigan
92%
449,000Florida
89%
476,000Texas
85%
570,000Ohio
78%
560,000Illinois
76%
603,000Pennsylvania
76%
522,000Massachusetts
70%

Score Distribution

Percentile by Number Answered

Percent of People with Each Score

Your Score History

You have not taken this quiz